00469nam a2200205Ia 450000500170000000800460001702000180006303700100008104000080009104000080009904000080010704100080011504100080012308400080013124500250013926000260016426000090019065000150019985600490021420260306150323.0008 260114s9999 xx 000 0 eng d a9780300199123 aEbook aCRL beng cCRL 2eng aeng qCRL 0aPhilosophy of Dreams bYale University Press c2013 aPhilosophy uhttps://www.degruyter.com/isbn/9780300199123